| 000 | 00679nam a2200217 a 4500 | ||
|---|---|---|---|
| 005 | 20240911063706.0 | ||
| 008 | 991125s1981 mad 000 0 spa u | ||
| 020 | _a8471122022 | ||
| 035 | _aUPN01000006171 | ||
| 049 | _aCG | ||
| 050 | 4 |
_aBF408 _bJ3.48 |
|
| 100 | 1 | _aJackson, Brian | |
| 245 | 1 | 0 |
_aCada niño una excepción : _bcómo motivar las aptitudes infantiles / _cBrian Jackson ; tr. Pilar Carro Martínez. |
| 260 |
_aMadrid : _bMorata, _c1981. |
||
| 300 | _a167 p. | ||
| 440 | 0 |
_aPsicología. _pLa psicología y el niño |
|
| 650 | 7 |
_aAptitud creadora _2 _91354 |
|
| 650 | 4 |
_aINFANTES - _xCRECIMIENTO |
|
| 650 | 2 |
_aMotivación para el aprendizaje _94875 |
|
| 905 | _aLibro | ||
| 999 |
_c6171 _d6171 |
||